000 00622nam a2200145Ia 4500
008 100415s9999 xx 000 0 und d
082 _a598.2
082 _b16382
245 _aThe IBIS: Journal of the British ornithologists' union: 008237 Vol.108 Issues 1-4 1966: - vol.113, 1971: - vol.132, 1990
260 _c0
365 _b0
630 _aThe IBIS: Journal of the British ornithologists' union: 008237 Vol.108 Issues 1-4 1966: - vol.113, 1971: - vol.132, 1990
730 _aThe IBIS: Journal of the British ornithologists' union: 008237 Vol.108 Issues 1-4 1966: - vol.113, 1971: - vol.132, 1990
942 _cBOOK
999 _c599280
_d599277